000 00666nam a2200265Ia 4500
008 210210b2006 xxu||||| |||| 00| 0 eng d
020 _a8188237507
041 _aeng
082 _a581.0724 KUMP
100 _aKUMAR (Ashwani)
245 _aPlant biotechnology and its applications in tissue culture
260 _aNew Delhi
_bI.K. International Pub. House Pvt. Ltd.
_c2006
300 _axvii,307
650 _atissue
650 _aPlant
650 _aits
650 _ain
650 _aculture
650 _abiotechnology
650 _aapplications
650 _aand
690 _aPlant Biotechnology
700 _aROY (Shikha)
906 _a062557
999 _c117667
_d117667